000 00540cam a22001932 4500
001 0000023901
005 20151217155235.0
008 130415s xx 000 0 eng d
020 _a0195738056 :
040 _aKABU
_cKABU
100 1 _aWaliobora, Ken.
_@0000183675
245 1 0 _aMaskini milionea na hadithi nyingine /
_cKen Waliobora.
250 _a1st ed.
260 _aNairobi :
_bO. U. P.,
_c2012.
300 _avi, 122 p.
852 1 _9p360 KES
908 _a130415
950 _@1
999 _c12212
_d12212